[Event "OLOB 1920 SG BW Stadtilm - SV Empor Erf"]
[Site "?"]
[Date "2019.09.29"]
[Round "1.1"]
[White "Teske, Henrik"]
[Black "Kuznecovs, Nikita"]
[Result "1-0"]
[WhiteElo "2477"]
[BlackElo "2318"]
[PlyCount "85"]
[EventDate "2019.??.??"]

1. Nf3 Nf6 2. d4 g6 3. Bf4 Bg7 4. Nbd2 d6 5. e4 Nbd7 6. c3 O-O 7. Bc4 Nh5 8.
Be3 e5 9. O-O h6 10. Re1 Nhf6 11. h3 b6 12. Qc2 Bb7 13. Rad1 Qe7 14. a4 a6 15.
b4 Rfe8 16. d5 Rf8 17. Bd3 a5 18. Bb5 Nb8 19. Nc4 Nfd7 20. bxa5 bxa5 21. Nfd2
f5 22. f3 f4 23. Bf2 g5 24. Nb3 h5 25. Ncxa5 Bc8 26. Nc6 Qf6 27. Rd3 Rf7 28.
Nxb8 Rxb8 29. c4 g4 30. fxg4 hxg4 31. hxg4 Qg6 32. Bc6 Nf6 33. Ba7 Rb7 34. Bxb7
Bxb7 35. c5 Nxg4 36. cxd6 cxd6 37. Bb6 Bf6 38. Rh3 Bg5 39. Na5 f3 40. Nxb7 f2+
41. Bxf2 Nxf2 42. Qc8+ Rf8 43. Rh8+ 1-0

[Event "OLOB 1920 SG BW Stadtilm - SV Empor Erf"]
[Site "?"]
[Date "2019.09.29"]
[Round "1.2"]
[White "Siebarth, Raiko"]
[Black "Urban, Lars"]
[Result "1-0"]
[WhiteElo "2284"]
[BlackElo "2185"]
[PlyCount "49"]
[EventDate "2019.??.??"]

1. g3 d5 2. Bg2 e5 3. d3 Nc6 4. Nd2 f5 5. e3 Nf6 6. Ne2 a5 7. O-O Bc5 8. c4 O-O
9. cxd5 Nxd5 10. Qb3 Be6 11. Qxb7 Na7 12. Nc4 e4 13. Qa6 c6 14. Qxa5 Qxa5 15.
Nxa5 exd3 16. Nc3 Nb5 17. Nxd5 Rxa5 18. Nf4 Bxa2 19. Nxd3 Be7 20. Bxc6 Rd8 21.
Bd2 Bc4 22. Bxa5 Rxd3 23. Rfc1 Nd6 24. Bb4 Bb3 25. Rc3 1-0

[Event "OLOB 1920 SG BW Stadtilm - SV Empor Erf"]
[Site "?"]
[Date "2019.09.29"]
[Round "1.3"]
[White "Friedrich, Wiede"]
[Black "George, Tom"]
[Result "1-0"]
[WhiteElo "2324"]
[BlackElo "2169"]
[PlyCount "79"]
[EventDate "2019.??.??"]

1. d4 Nf6 2. Nf3 d5 3. c4 e6 4. Nc3 Bb4 5. Qa4+ Nc6 6. e3 O-O 7. Bd2 Re8 8. Rc1
a6 9. Qc2 e5 10. cxd5 Nxd5 11. Nxd5 Bxd2+ 12. Qxd2 Qxd5 13. Rc5 Qxa2 14. d5 e4
15. Ng5 Ne5 16. Rxc7 h6 17. f4 hxg5 18. fxe5 Rxe5 19. d6 Rd5 20. Qc3 Be6 21.
Kf2 Rxd6 22. h4 Qd5 23. hxg5 Qf5+ 24. Ke1 Qxg5 25. Be2 Qg3+ 26. Kf1 Bd7 27. Bh5
Rf6+ 28. Qxf6 gxf6 29. Rxd7 Rf8 30. Rh3 Qg5 31. Kg1 Kg7 32. Kh2 Qe5+ 33. Rg3+
Kh6 34. Bxf7 Rc8 35. Rd5 Qg5 36. Rgxg5 fxg5 37. Re5 Rc2 38. Bd5 b5 39. Rxe4 a5
40. Re6+ 1-0

[Event "OLOB 1920 SG BW Stadtilm - SV Empor Erf"]
[Site "?"]
[Date "2019.09.29"]
[Round "1.4"]
[White "Schneider, Christian"]
[Black "Michalowski, Peter"]
[Result "1-0"]
[WhiteElo "2207"]
[BlackElo "2104"]
[PlyCount "51"]
[EventDate "2019.??.??"]

1. e4 c5 2. Nf3 d6 3. Bb5+ Bd7 4. Bxd7+ Qxd7 5. O-O Nf6 6. Re1 Nc6 7. c4 g6 8.
Nc3 Bg7 9. d3 O-O 10. a3 Ne8 11. Be3 Nc7 12. d4 cxd4 13. Nxd4 Nxd4 14. Bxd4
Bxd4 15. Qxd4 b5 16. cxb5 Nxb5 17. Qa4 Rab8 18. Rac1 Rfd8 19. Nd5 Kg7 20. h3 e6
21. Ne3 Qe7 22. Red1 Qf6 23. Rc2 h5 24. Rcd2 Qg5 25. Qa5 e5 26. a4 1-0

[Event "OLOB 1920 SG BW Stadtilm - SV Empor Erf"]
[Site "?"]
[Date "2019.09.29"]
[Round "1.6"]
[White "Mehlhorn, Uwe"]
[Black "Reucker, Friedrich"]
[Result "1/2-1/2"]
[WhiteElo "2066"]
[BlackElo "1913"]
[PlyCount "35"]
[EventDate "2019.??.??"]

1. d4 Nf6 2. Bf4 d5 3. e3 c5 4. dxc5 Nc6 5. Nf3 e6 6. Be2 Bxc5 7. O-O O-O 8. h3
h6 9. c3 Bd6 10. Bxd6 Qxd6 11. c4 Rd8 12. Nc3 Qe7 13. cxd5 Nxd5 14. Qc2 e5 15.
Nxd5 Rxd5 16. Bc4 Rd8 17. Rfd1 Be6 18. a3 1/2-1/2

[Event "OLOB 1920 SG BW Stadtilm - SV Empor Erf"]
[Site "?"]
[Date "2019.09.29"]
[Round "1.7"]
[White "Heinke, Jasper"]
[Black "Neubauer, Andreas"]
[Result "1-0"]
[WhiteElo "2033"]
[BlackElo "2175"]
[PlyCount "33"]
[EventDate "2019.??.??"]

1. e4 c5 2. Nf3 d6 3. d4 cxd4 4. Nxd4 Nf6 5. Nc3 a6 6. Bg5 e6 7. f4 Be7 8. Qf3
O-O 9. O-O-O Qc7 10. Be2 b5 11. e5 Bb7 12. exf6 Bxf3 13. fxe7 Rc8 14. Bxf3 d5
15. f5 e5 16. Nxd5 Qa5 17. Nb3 1-0

[Event "OLOB 1920 SG BW Stadtilm - SV Empor Erf"]
[Site "?"]
[Date "2019.09.29"]
[Round "1.8"]
[White "Dittrich, Tom"]
[Black "Schmuck, Helmut"]
[Result "1/2-1/2"]
[WhiteElo "1936"]
[BlackElo "2112"]
[PlyCount "20"]
[EventDate "2019.??.??"]

1. e4 c5 2. Nf3 Nc6 3. d4 cxd4 4. Nxd4 Nf6 5. Nc3 g6 6. Be3 Bg7 7. Bc4 O-O 8.
Bb3 a6 9. f3 Nxd4 10. Bxd4 d6 1/2-1/2

[Event "OLOB 1920 SV Medizin Erfurt - SV 1861 L"]
[Site "?"]
[Date "2019.09.29"]
[Round "1.1"]
[White "Gerhardt, Frank"]
[Black "Jakob, Matthias"]
[Result "1-0"]
[WhiteElo "2173"]
[BlackElo "2117"]
[PlyCount "95"]
[EventDate "2019.??.??"]

1. e4 g6 2. d4 Bg7 3. Nc3 d6 4. Nf3 Nf6 5. h3 c6 6. Bd3 Nbd7 7. Be3 O-O 8. a4
b6 9. O-O e5 10. dxe5 Nxe5 11. Nxe5 dxe5 12. Bc4 Qe7 13. Qe2 Nh5 14. Rfd1 Kh8
15. Qd2 f5 16. Bg5 Qc5 17. Bb3 f4 18. Qd6 Qxd6 19. Rxd6 h6 20. Be7 Re8 21. Rad1
Ba6 22. Rd7 Bf8 23. Bxf8 Rxf8 24. R7d6 Rf6 25. Rxf6 Nxf6 26. Rd6 Rf8 27. Rxc6
f3 28. gxf3 Nh5 29. Nd5 Rxf3 30. Rxg6 Kh7 31. Rd6 Rf7 32. Kg2 Rg7+ 33. Kf3 Rf7+
34. Ke3 Rg7 35. a5 Bc8 36. axb6 axb6 37. Rxb6 Bxh3 38. c4 Rf7 39. Bd1 Nf4 40.
Nxf4 exf4+ 41. Ke2 Bg2 42. f3 Rc7 43. Kf2 Bh3 44. Be2 Rg7 45. b4 Rg2+ 46. Ke1
Rg1+ 47. Kd2 Rb1 48. b5 1-0

[Event "OLOB 1920 SV Medizin Erfurt - SV 1861 L"]
[Site "?"]
[Date "2019.09.29"]
[Round "1.2"]
[White "Nguyen, Huy Dat"]
[Black "Hermannsdoerfer, Frank"]
[Result "1/2-1/2"]
[WhiteElo "2181"]
[BlackElo "2146"]
[PlyCount "106"]
[EventDate "2019.??.??"]

1. e4 d6 2. Nc3 Nf6 3. f4 e5 4. Nf3 Nbd7 5. Bc4 Be7 6. O-O O-O 7. d3 c6 8. a4
exf4 9. Bxf4 Ne5 10. Bb3 Bg4 11. Bxe5 dxe5 12. h3 Bh5 13. Kh1 Qd6 14. g4 Bg6
15. Ne2 Nd7 16. Qe1 Kh8 17. Qg3 Rae8 18. Bc4 Bd8 19. Qh2 Nc5 20. Ned4 Qc7 21.
Nf5 f6 22. Qf2 b6 23. a5 Nb7 24. axb6 Qxb6 25. Rxa7 Qxf2 26. Rxf2 Bb6 27. Rxb7
Bxf2 28. Nxg7 Rb8 29. Rxb8 Rxb8 30. Nf5 Bxf5 31. exf5 Rxb2 32. Bb3 Be3 33. h4
h6 34. Kg2 Kg7 35. Kf1 Rb1+ 36. Ke2 Bf4 37. d4 e4 38. Nd2 Bxd2 39. Kxd2 Rg1 40.
Ba4 Rg2+ 41. Ke3 Rg3+ 42. Kf4 Rc3 43. Kxe4 c5 44. dxc5 Rxc5 45. Bb3 Rc3 46. h5
Kf8 47. Kd4 Rg3 48. Be6 Ke7 49. c4 Rxg4+ 50. Kd5 Rg1 51. c5 Rd1+ 52. Kc6 Rc1
53. Kb6 Rc2 1/2-1/2

[Event "OLOB 1920 SV Medizin Erfurt - SV 1861 L"]
[Site "?"]
[Date "2019.09.29"]
[Round "1.3"]
[White "Franke, Luca"]
[Black "Wehner, Janis"]
[Result "1/2-1/2"]
[WhiteElo "1872"]
[BlackElo "2124"]
[PlyCount "37"]
[EventDate "2019.??.??"]

1. d4 Nf6 2. c4 g6 3. g3 Bg7 4. Bg2 O-O 5. Nc3 c5 6. Nf3 cxd4 7. Nxd4 Nc6 8.
O-O Ng4 9. e3 d6 10. Nxc6 bxc6 11. Bxc6 Rb8 12. Qa4 Ne5 13. Bg2 Bd7 14. Qxa7
Nxc4 15. a4 Nxb2 16. Bxb2 Rxb2 17. Rac1 e6 18. Ne4 Ra2 19. Nxd6 1/2-1/2

[Event "OLOB 1920 SV Medizin Erfurt - SV 1861 L"]
[Site "?"]
[Date "2019.09.29"]
[Round "1.4"]
[White "Grund, Sebastian"]
[Black "Kitzig, Tobias"]
[Result "1-0"]
[WhiteElo "2054"]
[BlackElo "1477"]
[PlyCount "107"]
[EventDate "2019.??.??"]

1. d4 Nf6 2. c4 e5 3. dxe5 Ng4 4. Nf3 Bc5 5. e3 Nc6 6. a3 a5 7. Nc3 Ngxe5 8.
Nxe5 Nxe5 9. Ne4 Be7 10. b3 f5 11. Ng3 d6 12. Be2 Bf6 13. Rb1 Be6 14. Bb2 a4
15. f4 Nd7 16. b4 Qe7 17. Bxf6 Nxf6 18. Qc2 O-O 19. Bf3 d5 20. O-O Ne4 21. Bxe4
dxe4 22. Ne2 c5 23. b5 Qf7 24. Rbc1 Rfd8 25. Ng3 g6 26. Rfd1 Rxd1+ 27. Qxd1
Bxc4 28. b6 Ra5 29. Qd8+ Kg7 30. h4 Bd3 31. h5 c4 32. Kf2 Rd5 33. h6+ Kxh6 34.
Qh8 g5 35. Rh1+ Kg6 36. Rh5 gxf4 37. exf4 Bc2 38. Rg5+ Kh6 39. Qc3 Bd1 40.
Nxf5+ Rxf5 41. Qh3+ Bh5 42. Rxf5 e3+ 43. Kxe3 Qe6+ 44. Kd2 Qd6+ 45. Kc2 Qd1+
46. Kc3 Qc1+ 47. Kb4 Qb2+ 48. Kxa4 Kg7 49. Rxh5 Qc2+ 50. Kb4 Qb2+ 51. Kc5 Qf2+
52. Kd5 Qd2+ 53. Ke6 Qe3+ 54. Qxe3 1-0

[Event "OLOB 1920 SV Medizin Erfurt - SV 1861 L"]
[Site "?"]
[Date "2019.09.29"]
[Round "1.5"]
[White "Ahmed, Daniel"]
[Black "Mueller-Ludwig, Kristin"]
[Result "1/2-1/2"]
[WhiteElo "1818"]
[BlackElo "2061"]
[PlyCount "62"]
[EventDate "2019.??.??"]

1. Nf3 Nf6 2. b3 g6 3. Bb2 Bg7 4. c4 d6 5. e3 e5 6. d3 O-O 7. Nbd2 Nc6 8. a3
Qe7 9. Be2 e4 10. dxe4 Nxe4 11. Bxg7 Kxg7 12. Nxe4 Qxe4 13. O-O Bf5 14. Nd4
Nxd4 15. exd4 c6 16. Bf3 Qd3 17. Rc1 Rfe8 18. Qxd3 Bxd3 19. Rfd1 Be4 20. Bxe4
Rxe4 21. Kf1 Kf6 22. d5 c5 23. Re1 Rae8 24. Rxe4 Rxe4 25. Rc3 Ke5 26. Rd3 a6
27. a4 Kf6 28. Rf3+ Ke7 29. Rd3 Kd7 30. f3 Re5 31. Kf2 Kc7 1/2-1/2

[Event "OLOB 1920 SV Medizin Erfurt - SV 1861 L"]
[Site "?"]
[Date "2019.09.29"]
[Round "1.6"]
[White "Kirschbaum, Gunnar"]
[Black "Kastner, Peter"]
[Result "1/2-1/2"]
[WhiteElo "2103"]
[BlackElo "2142"]
[PlyCount "80"]
[EventDate "2019.??.??"]

1. d4 d5 2. c4 e6 3. Nc3 Nf6 4. Bg5 Be7 5. Nf3 O-O 6. cxd5 exd5 7. Qc2 c6 8. e3
Re8 9. Bd3 Nbd7 10. O-O Nf8 11. Rab1 a5 12. a3 Bg4 13. Ne5 Bh5 14. b4 axb4 15.
axb4 N6d7 16. Bxe7 Qxe7 17. Nxd7 Qxd7 18. b5 Bg6 19. bxc6 bxc6 20. Bxg6 hxg6
21. Rfc1 Ne6 22. Na4 Ra6 23. Nb2 Rc8 24. Nd3 Qd6 25. h3 Rb8 26. Rxb8+ Qxb8 27.
Ne5 Nd8 28. Rb1 Rb6 29. Rxb6 Qxb6 30. Qa4 Qb1+ 31. Kh2 Qb8 32. g3 Qd6 33. Qa8
Kh7 34. Qc8 f6 35. Nd7 Qe7 36. Nc5 Kg8 37. h4 Kf7 38. Kg2 Qd6 39. Qg4 Ne6 40.
Nd3 Qa3 1/2-1/2

[Event "OLOB 1920 SV Medizin Erfurt - SV 1861 L"]
[Site "?"]
[Date "2019.09.29"]
[Round "1.7"]
[White "Birke, Andreas"]
[Black "Reichel, Norbert"]
[Result "1/2-1/2"]
[WhiteElo "2209"]
[BlackElo "2102"]
[PlyCount "32"]
[EventDate "2019.??.??"]

1. Nf3 Nf6 2. b3 g6 3. Bb2 Bg7 4. e4 d6 5. g3 e5 6. d3 O-O 7. Bg2 Nc6 8. c4 Bg4
9. h3 Bxf3 10. Bxf3 Nd7 11. Nc3 Nc5 12. Nd5 a5 13. Bg2 Nd4 14. O-O c6 15. Ne3
Nce6 16. Nc2 Qb6 1/2-1/2

[Event "OLOB 1920 SV Medizin Erfurt - SV 1861 L"]
[Site "?"]
[Date "2019.09.29"]
[Round "1.8"]
[White "Nguyen, Ha Thanh"]
[Black "Biel, Maik"]
[Result "1/2-1/2"]
[WhiteElo "2016"]
[BlackElo "2118"]
[PlyCount "38"]
[EventDate "2019.??.??"]

1. e4 c5 2. Nf3 e6 3. d4 cxd4 4. Nxd4 Nf6 5. Nc3 d6 6. Be2 a6 7. Bg5 Be7 8. f4
Qc7 9. O-O h6 10. Bh4 Nxe4 11. Bxe7 Nxc3 12. Bxd6 Qxd6 13. bxc3 Qc5 14. Rf3 Nc6
15. Kh1 Bd7 16. Rd3 Nxd4 17. cxd4 Qf5 18. Qd2 Bb5 19. Re3 Rc8 1/2-1/2

[Event "OLOB 1920 SF Schöneck - Bad Emstal/Wolf"]
[Site "?"]
[Date "2019.11.16"]
[Round "2.1"]
[White "Sivuk, Vitaly"]
[Black "Konopka, Michal"]
[Result "1/2-1/2"]
[WhiteElo "2582"]
[BlackElo "2345"]
[PlyCount "34"]
[EventDate "2019.??.??"]

1. c4 Nf6 2. Nc3 d5 3. cxd5 Nxd5 4. Nf3 Nxc3 5. bxc3 g6 6. h4 h6 7. Qa4+ Qd7 8.
Qb3 Bg7 9. Ba3 Nc6 10. g3 b6 11. Bh3 e6 12. Qa4 Bb7 13. O-O Ne5 14. Qxd7+ Nxd7
15. d4 c5 16. Bg2 O-O 17. Rfd1 Rfc8 1/2-1/2

[Event "OLOB 1920 SF Schöneck - Bad Emstal/Wolf"]
[Site "?"]
[Date "2019.11.16"]
[Round "2.2"]
[White "Heinatz, Thomas"]
[Black "Matviishen, Viktor"]
[Result "0-1"]
[WhiteElo "2310"]
[BlackElo "2490"]
[PlyCount "70"]
[EventDate "2019.??.??"]

1. e4 e5 2. Bc4 Nf6 3. d3 c6 4. Nf3 d5 5. Bb3 Bd6 6. Nc3 d4 7. Ne2 O-O 8. O-O
c5 9. Bg5 Nc6 10. Ng3 h6 11. Bd2 Kh7 12. c3 g6 13. cxd4 cxd4 14. Rc1 Bd7 15. a3
Qb6 16. Rb1 Rac8 17. Bc4 Na5 18. Ba2 a6 19. h3 Nc6 20. Nh2 Ng8 21. Ng4 Qd8 22.
Rc1 Qh4 23. Bd5 Kh8 24. Qb3 Bxg4 25. hxg4 Nf6 26. Qxb7 Nxg4 27. Rfe1 Ne7 28.
Rxc8 Rxc8 29. Qd7 Bc5 30. Bb7 Rf8 31. Qc7 f5 32. Qxc5 f4 33. Nh1 f3 34. gxf3
Qh2+ 35. Kf1 Qxh1+ 0-1

[Event "OLOB 1920 SF Schöneck - Bad Emstal/Wolf"]
[Site "?"]
[Date "2019.11.16"]
[Round "2.3"]
[White "Frolov, Artur"]
[Black "Nazarenus, Moritz"]
[Result "1-0"]
[WhiteElo "2425"]
[BlackElo "2222"]
[PlyCount "85"]
[EventDate "2019.??.??"]

1. e4 c6 2. d4 d5 3. Nd2 dxe4 4. Nxe4 Bf5 5. Ng3 Bg6 6. Nf3 Nd7 7. h4 h6 8. h5
Bh7 9. Bd3 Bxd3 10. Qxd3 Ngf6 11. Bf4 Qa5+ 12. Bd2 Qc7 13. O-O-O e6 14. Ne4
O-O-O 15. g3 Nc5 16. Nxc5 Bxc5 17. Qe2 Bd6 18. c4 c5 19. Bc3 cxd4 20. Nxd4 a6
21. Nb3 Rhg8 22. Rh4 Be7 23. Rhd4 Rxd4 24. Rxd4 Rd8 25. Ba5 b6 26. Bc3 Qc6 27.
g4 Nd7 28. Rd1 Bf6 29. Bxf6 Nxf6 30. Rxd8+ Kxd8 31. f3 Qd6 32. Kc2 Ke8 33. Qd3
Ke7 34. Nd4 Qh2+ 35. Kb3 Qc7 36. Qe3 Nd7 37. a3 Qc5 38. Qe4 Ne5 39. Qxe5 Qxe5
40. Nc6+ Kf6 41. Nxe5 Kxe5 42. Kc3 g6 43. g5 1-0

[Event "OLOB 1920 SF Schöneck - Bad Emstal/Wolf"]
[Site "?"]
[Date "2019.11.16"]
[Round "2.4"]
[White "Schaack, Harry"]
[Black "Shkuran, Danylo"]
[Result "0-1"]
[WhiteElo "2206"]
[BlackElo "2345"]
[PlyCount "64"]
[EventDate "2019.??.??"]

1. e4 c5 2. Nf3 e6 3. d4 cxd4 4. Nxd4 a6 5. Be2 Nf6 6. Nc3 Qc7 7. O-O Be7 8. a4
Nc6 9. Be3 O-O 10. Kh1 d6 11. f4 Nxd4 12. Bxd4 e5 13. Be3 exf4 14. Rxf4 Be6 15.
Nd5 Bxd5 16. exd5 Nd7 17. Bd4 Ne5 18. Bd3 g6 19. h4 f5 20. c4 Bf6 21. Rc1 Qg7
22. Be2 Rae8 23. g3 Nd7 24. Bxf6 Qxf6 25. Rc2 a5 26. Qd2 Nc5 27. Bf3 b6 28. b4
axb4 29. g4 Qxh4+ 30. Kg2 Qg5 31. Rb2 Nd3 32. Qxd3 Qxf4 0-1

[Event "OLOB 1920 SF Schöneck - Bad Emstal/Wolf"]
[Site "?"]
[Date "2019.11.16"]
[Round "2.5"]
[White "Skliarov, Viktor"]
[Black "Meyer, Kai-Christian"]
[Result "1/2-1/2"]
[WhiteElo "2373"]
[BlackElo "2214"]
[PlyCount "75"]
[EventDate "2019.??.??"]

1. e4 c6 2. d4 d5 3. exd5 cxd5 4. Bd3 Nf6 5. Ne2 Nc6 6. c3 g6 7. Ng3 Bg7 8. O-O
O-O 9. Na3 e5 10. dxe5 Nxe5 11. Bc2 Qb6 12. Rb1 Bg4 13. Qe1 Rfe8 14. Be3 Qa6
15. Qd2 Rad8 16. f3 Bc8 17. Rbd1 h5 18. h4 Nc4 19. Nxc4 Qxc4 20. Bd4 Qc7 21.
Qf2 b6 22. Rfe1 Rxe1+ 23. Rxe1 Re8 24. Rd1 Ba6 25. Rd2 Bh6 26. Nf1 Bxf1 27.
Kxf1 Bxd2 28. Qxd2 Re6 29. Bf5 Rc6 30. Qg5 Qe7 31. Bd3 Re6 32. Kf2 Nd7 33. Qg3
Ne5 34. Bf5 Rf6 35. Bc2 Re6 36. Bf5 Rf6 37. Bc2 Re6 38. Bf5 1/2-1/2

[Event "OLOB 1920 SF Schöneck - Bad Emstal/Wolf"]
[Site "?"]
[Date "2019.11.16"]
[Round "2.6"]
[White "Mueller, Achim"]
[Black "Kersten, Uwe"]
[Result "1/2-1/2"]
[WhiteElo "2089"]
[BlackElo "2264"]
[PlyCount "60"]
[EventDate "2019.??.??"]

1. e4 c5 2. Nf3 d6 3. d3 Nc6 4. g3 g6 5. Bg2 Bg7 6. O-O e5 7. c3 Nge7 8. Be3
O-O 9. Qd2 b6 10. d4 exd4 11. cxd4 Bg4 12. d5 Bxf3 13. Bxf3 Nd4 14. Bg2 b5 15.
Nc3 Rb8 16. Ne2 Nxe2+ 17. Qxe2 f5 18. Bf4 fxe4 19. Bxe4 Qd7 20. h4 Rbe8 21.
Rfe1 Bd4 22. Kg2 Kg7 23. Qd2 Nf5 24. f3 Kg8 25. Re2 Be5 26. Bxe5 Rxe5 27. Rh1
Nd4 28. Re3 b4 29. Qd3 Qe7 30. Rhe1 Qf7 1/2-1/2

[Event "OLOB 1920 SF Schöneck - Bad Emstal/Wolf"]
[Site "?"]
[Date "2019.11.16"]
[Round "2.7"]
[White "Schmidt, Alexander"]
[Black "Meyer-Cording, Claus"]
[Result "1/2-1/2"]
[WhiteElo "2137"]
[BlackElo "2067"]
[PlyCount "85"]
[EventDate "2019.??.??"]

1. e4 e5 2. Nf3 Nc6 3. Bb5 a6 4. Ba4 Nf6 5. d3 b5 6. Bb3 Be7 7. c3 d6 8. Nbd2
O-O 9. h3 h6 10. O-O Na5 11. Bc2 c5 12. Re1 Qc7 13. Nf1 Nc6 14. Ng3 Re8 15. a4
b4 16. Qe2 Bf8 17. Bd2 a5 18. Bb3 Be6 19. Bxe6 Rxe6 20. Rec1 d5 21. Be3 Qb7 22.
Qc2 dxe4 23. dxe4 Rc8 24. Nd2 Nd7 25. Qb3 Rb8 26. Qc4 Nb6 27. Qb5 Nd7 28. Qe2
Nd8 29. Nc4 Qa6 30. cxb4 cxb4 31. Qg4 Nf6 32. Qf5 Nc6 33. b3 g6 34. Qf3 Bg7 35.
Rd1 Qa8 36. Nb6 Qb7 37. Nc4 Qa8 38. Rd3 Nd4 39. Bxd4 exd4 40. Re1 Nd7 41. Qg4
Rbe8 42. Red1 Nf6 43. Qf4 1/2-1/2

[Event "OLOB 1920 SF Schöneck - Bad Emstal/Wolf"]
[Site "?"]
[Date "2019.11.16"]
[Round "2.8"]
[White "Raetsch, Kurt"]
[Black "Haenisch, Uwe"]
[Result "0-1"]
[WhiteElo "1976"]
[BlackElo "2182"]
[PlyCount "78"]
[EventDate "2019.??.??"]

1. d4 f5 2. Nf3 g6 3. e3 Nf6 4. Bd3 Bg7 5. Nbd2 d6 6. b3 Nc6 7. Bb2 O-O 8. O-O
e6 9. a3 h6 10. e4 Ne7 11. exf5 gxf5 12. Nh4 Qe8 13. Re1 Qh5 14. Ndf3 Ned5 15.
g3 Bd7 16. c4 Ne7 17. Be2 Qf7 18. Rc1 Rad8 19. Qc2 Ne4 20. Bd3 Ng5 21. Be2 Bf6
22. Rcd1 Qg7 23. Bc1 f4 24. Nxg5 hxg5 25. Ng2 Bc6 26. Bg4 e5 27. Be6+ Kh8 28.
d5 Be8 29. gxf4 gxf4 30. Rd3 Qg6 31. Rh3+ Kg7 32. Qd1 Rh8 33. Rxh8 Kxh8 34. Kh1
Bf7 35. Bxf7 Qxf7 36. Rg1 Rg8 37. Qf3 Qh7 38. Qe2 Rg5 39. f3 Nf5 0-1

[Event "OLOB 1920 SV Oberursel - SK Marburg 193"]
[Site "?"]
[Date "2019.11.16"]
[Round "2.1"]
[White "Rolle, Eric"]
[Black "Margolin, Boris"]
[Result "1-0"]
[WhiteElo "2206"]
[BlackElo "2401"]
[PlyCount "141"]
[EventDate "2019.??.??"]

1. c4 e5 2. Nc3 Bb4 3. Nd5 Bc5 4. Nf3 Nc6 5. b4 Nxb4 6. Nxb4 Bxb4 7. Nxe5 Nf6
8. g3 O-O 9. Bg2 c6 10. O-O d5 11. cxd5 Nxd5 12. Bb2 Qe7 13. e4 Nb6 14. Qc2 Be6
15. d4 Rad8 16. f4 f6 17. Nd3 Ba3 18. Bxa3 Qxa3 19. Nc5 Bf7 20. Rfd1 Qe3+ 21.
Qf2 Nc4 22. Rd3 Qxf2+ 23. Kxf2 b6 24. Nb3 c5 25. d5 Rde8 26. Re1 a5 27. Rc3 Nd6
28. a4 Re7 29. Nd2 Bg6 30. Rce3 Be8 31. Rb1 Nc8 32. Bh3 Bd7 33. Bxd7 Rxd7 34.
g4 g6 35. Nc4 Re8 36. Kf3 Nd6 37. Nxd6 Rxd6 38. Rd1 Red8 39. Red3 Re8 40. Re1
Red8 41. Red1 Re8 42. h4 h6 43. g5 hxg5 44. hxg5 fxg5 45. fxg5 Rd7 46. d6 Kf7
47. Rb1 Rb8 48. Ke3 Ke6 49. Rf1 Rf7 50. Rxf7 Kxf7 51. e5 Ke6 52. Ke4 c4 53. Rf3
Rc8 54. Kd4 c3 55. Rf6+ Kd7 56. Rf7+ Kc6 57. Rc7+ Rxc7 58. dxc7 Kxc7 59. Kxc3
Kd7 60. Kd4 Ke6 61. Ke4 Ke7 62. Kd5 Kd7 63. e6+ Ke7 64. Ke5 b5 65. axb5 a4 66.
Kd4 a3 67. Kc3 a2 68. Kb2 a1=Q+ 69. Kxa1 Kxe6 70. Kb2 Kd5 71. Kb3 1-0

[Event "OLOB 1920 SV Oberursel - SK Marburg 193"]
[Site "?"]
[Date "2019.11.16"]
[Round "2.2"]
[White "Heinz, Axel"]
[Black "Alber, Horst"]
[Result "1/2-1/2"]
[WhiteElo "2446"]
[BlackElo "2267"]
[PlyCount "89"]
[EventDate "2019.??.??"]

1. e4 g6 2. d4 Bg7 3. Nc3 d6 4. Nf3 c6 5. Bc4 Nf6 6. Bb3 O-O 7. O-O Bg4 8. h3
Bxf3 9. Qxf3 e5 10. Be3 Qe7 11. dxe5 dxe5 12. a4 a5 13. Qe2 Nbd7 14. Qc4 Nh5
15. g3 Bf6 16. Rad1 Ng7 17. Ne2 Ne6 18. Rd2 Ndc5 19. Rfd1 Rab8 20. Bxc5 Nxc5
21. Rd6 Nxb3 22. Rd7 Qb4 23. Qxb4 axb4 24. cxb3 Rfd8 25. Nc1 Rxd7 26. Rxd7 Kf8
27. Kf1 Bg5 28. Na2 Ke8 29. Rd1 Be7 30. Ke2 Ra8 31. Nc1 Bc5 32. Nd3 Bd4 33. Rc1
Ra5 34. Nxb4 Bxb2 35. Rc4 Kd7 36. Nd3 Bd4 37. Rc2 Kd6 38. Nb4 c5 39. Nd3 b5 40.
axb5 Rxb5 41. Nc1 Ra5 42. Ra2 Rxa2+ 43. Nxa2 c4 44. bxc4 Kc5 45. g4 1/2-1/2

[Event "OLOB 1920 SV Oberursel - SK Marburg 193"]
[Site "?"]
[Date "2019.11.16"]
[Round "2.3"]
[White "Henrich, Thomas"]
[Black "Dubiel, Jacek"]
[Result "1/2-1/2"]
[WhiteElo "2163"]
[BlackElo "2418"]
[PlyCount "52"]
[EventDate "2019.??.??"]

1. e4 c5 2. Nf3 e6 3. d4 cxd4 4. Nxd4 Nf6 5. Nc3 Nc6 6. Ndb5 d6 7. Bf4 e5 8.
Bg5 a6 9. Na3 Be6 10. Nc4 Rb8 11. Ne3 Be7 12. g3 O-O 13. Bxf6 Bxf6 14. Bg2 Bg5
15. Ncd5 Ne7 16. O-O Nxd5 17. Nxd5 f5 18. exf5 Bxf5 19. Re1 Kh8 20. Ne3 Qb6 21.
b3 Be6 22. Qd3 Rf7 23. Rad1 Be7 24. Bd5 Bxd5 25. Qxd5 Rbf8 26. Rd2 Bg5 1/2-1/2

[Event "OLOB 1920 SV Oberursel - SK Marburg 193"]
[Site "?"]
[Date "2019.11.16"]
[Round "2.4"]
[White "Akbarinia, Sayed Arash"]
[Black "Duncker, Joachim"]
[Result "1-0"]
[WhiteElo "2361"]
[BlackElo "2193"]
[PlyCount "107"]
[EventDate "2019.??.??"]

1. d4 Nf6 2. Nf3 g6 3. c4 Bg7 4. g3 O-O 5. Bg2 d6 6. O-O Nc6 7. h3 a6 8. Be3
Rb8 9. Qc1 e5 10. dxe5 Nxe5 11. Nxe5 dxe5 12. Ba7 Ra8 13. Bc5 Re8 14. Rd1 Nd7
15. Nc3 Bf8 16. Ne4 Bxc5 17. Nxc5 c6 18. Qd2 Re7 19. Qb4 Qb6 20. Nxa6 Qxb4 21.
Nxb4 Ra4 22. a3 Kg7 23. b3 Ra8 24. Nc2 Nc5 25. b4 Bf5 26. Ne3 Na4 27. Nxf5+
gxf5 28. Rd2 e4 29. e3 Nb6 30. Bf1 Nd7 31. c5 Ne5 32. Kg2 h5 33. Be2 h4 34.
gxh4 f4 35. exf4 Ng6 36. Kg3 e3 37. Rd4 exf2 38. Kxf2 Nxh4 39. Bd3 Kf6 40. Rd6+
Re6 41. Rxe6+ fxe6 42. Bc2 Nf5 43. a4 Rh8 44. Ra3 Nd4 45. Be4 Rh4 46. Kg3 Rh8
47. Rd3 Ne2+ 48. Kg4 Ke7 49. b5 Rf8 50. f5 cxb5 51. axb5 Rc8 52. c6 bxc6 53.
bxc6 exf5+ 54. Kxf5 1-0

[Event "OLOB 1920 SV Oberursel - SK Marburg 193"]
[Site "?"]
[Date "2019.11.16"]
[Round "2.6"]
[White "Schlamp, Robert"]
[Black "Nekhamkis, Genadi"]
[Result "1-0"]
[WhiteElo "2295"]
[BlackElo "2128"]
[PlyCount "57"]
[EventDate "2019.??.??"]

1. c4 e5 2. Nc3 Nc6 3. e3 f5 4. d4 e4 5. Nh3 Nf6 6. Be2 Be7 7. O-O O-O 8. f3
exf3 9. Rxf3 d6 10. Bd3 f4 11. Rxf4 Bxh3 12. gxh3 Qe8 13. Bd2 Bd8 14. Qf3 Rb8
15. Nd5 a6 16. Rf1 b5 17. cxb5 axb5 18. Be4 Na7 19. Ba5 c6 20. Bxd8 Rxd8 21.
Nxf6+ Rxf6 22. Rxf6 gxf6 23. Kh1 d5 24. Rg1+ Kf7 25. Bxh7 Qh8 26. Bg6+ Ke7 27.
Qf4 Qxh3 28. Bf5 Qh5 29. Qc7+ 1-0

[Event "OLOB 1920 SV Oberursel - SK Marburg 193"]
[Site "?"]
[Date "2019.11.16"]
[Round "2.7"]
[White "Yaghy, Ritta"]
[Black "Weber, Samuel"]
[Result "1/2-1/2"]
[WhiteElo "1968"]
[BlackElo "2291"]
[PlyCount "93"]
[EventDate "2019.??.??"]

1. e4 e5 2. Nf3 Nc6 3. Nc3 Nf6 4. d4 exd4 5. Nxd4 Bb4 6. Nxc6 bxc6 7. Bd3 O-O
8. O-O d6 9. h3 Nd7 10. Be2 Re8 11. Qd4 c5 12. Qd5 Rb8 13. Bg5 Nf6 14. Qd3 Bxc3
15. bxc3 h6 16. Bxf6 Qxf6 17. Rab1 Be6 18. a4 a5 19. Rb5 c4 20. Qe3 Rxb5 21.
axb5 Qe5 22. Rb1 d5 23. exd5 Qxe3 24. fxe3 Bxd5 25. Kf2 Rb8 26. Bf3 c6 27. b6
Kf8 28. Bxd5 cxd5 29. Kf3 Ke7 30. Rb5 Kd6 31. Rxa5 Rxb6 32. e4 dxe4+ 33. Kxe4
Rb2 34. Kd4 Rxc2 35. g4 Rh2 36. Rh5 f5 37. Rxf5 Rxh3 38. Kxc4 Rh4 39. Rd5+ Kc6
40. Rd4 g6 41. Kd3 h5 42. gxh5 Rxd4+ 43. Kxd4 gxh5 44. Ke4 Kc5 45. Kf5 Kc4 46.
Kg5 Kxc3 47. Kxh5 1/2-1/2